[Event "URS-ch sf"]
[Site "Daugavpils"]
[Date "1978.??.??"]
[Round "?"]
[White "Nikolaevsky, Yuri V"]
[Black "Fokin, Sergey"]
[Result "0-1"]
[WhiteElo "2200"]
[BlackElo "2200"]

1. Nf3 Nf6 2. g3 b5 3. Bg2 Bb7 4. c3 e6 5. a4 b4 6. a5 c5 7. d3 Bd6 8. cxb4  cxb4 9. Nbd2 Bc7 10. Nb3 Na6 11. e4 O-O 12. O-O d5 13. e5 Nd7 14. Bg5 Qb8 15.  d4 h6 16. Be3 Qd8 17. Qd3 Qe7 18. Nh4 g5 19. Ng6 fxg6 20. Qxg6+ Qg7 21. Qxe6+  Kh8 22. f4 Rae8 23. Qh3 g4 24. Qh5 Bd8 25. f5 Bg5 26. Bf4 Bxf4 27. gxf4 Nc7 28.  Rac1 Rc8 29. f6 Qh7 30. f5 Ba6 31. Rf4 Bc4 32. Nd2 Ne8 33. Qxg4 Be2 34. Qxe2  Rxc1+ 35. Nf1 Ndxf6 36. exf6 Nxf6 37. Qd2 Qc7 38. Rh4 h5 39. Rxh5+ Nxh5 40.  Qh6+ Kg8 41. Bxd5+ Rf7 42. Bxf7+ Kxf7 43. Qxh5+ Ke7 44. Qg5+ Kd7 45. b3 Qc3 46.  Qg7+ Kc8 47. Qg8+ Kb7 48. Qd5+ Ka6 49. Qe6+ Kxa5 50. Qd5+ Kb6 51. Qd6+ Kb7 52.  Qe7+ Ka8 53. Qd8+ Qc8 54. Qd5+ Qb7 55. Qd8+ Rc8 56. Qd6 Qf3 57. Qe6 Qg4+ 58.  Kh1 Qf3+ 59. Kg1 Rc6 60. Qe8+ Kb7 61. Qd7+ Kb6 62. d5 Qg4+ 63. Kh1 Qe4+ 64. Kg1  Rc1 65. Qd6+ Kb7 66. Qd7+ Rc7 67. Qe6 Qxe6 68. dxe6 Kc6 69. Ne3 Kd6 70. Kf2 a5  71. Ke2 a4 72. bxa4 b3 73. Nd1 b2 74. Nxb2 Rc2+ 75. Kd3 Rxb2 76. Kc4 Rf2 77. a5  Rxf5 78. Kb4 Kxe6 79. a6 Kd6 80. a7 Rf8 81. Kb5 Kc7 0-1

[Event "URS-ch sf"]
[Site "Daugavpils"]
[Date "1978.??.??"]
[Round "?"]
[White "Nikolaevsky, Yuri V"]
[Black "Malaniuk, Vladimir P"]
[Result "0-1"]
[WhiteElo "2200"]
[BlackElo "2200"]

1. Nf3 g6 2. d4 Nf6 3. c4 Bg7 4. Nc3 d5 5. cxd5 Nxd5 6. e4 Nxc3 7. bxc3 O-O 8.  Be2 c5 9. O-O b6 10. Bg5 h6 11. Be3 Bb7 12. Qd2 cxd4 13. Bxh6 Bxe4 14. Bxg7  Kxg7 15. Ng5 Bb7 16. Bc4 Qd6 17. f4 Nc6 18. f5 Qc5 19. Qf4 dxc3+ 20. Kh1 Qe5  21. Qg4 Bc8 22. Qh4 Bxf5 23. Qh7+ Kf6 24. Nxf7 Qe4 25. Bb3 e6 26. Rae1 Rxf7 27.  Qxf7+ Kxf7 28. Rxe4 Kg7 29. Re3 c2 30. g4 Bxg4 31. Bxc2 Nd4 32. Be4 Rd8 33. Rg1  Bf5 34. Bxf5 exf5 35. Re7+ Kf6 36. Rxa7 Rd6 37. a4 Ne6 38. Rb1 Nc5 39. Rb5 Rc6  40. Kg2 g5 41. Kf3 g4+ 42. Kg3 Ne6 43. Rb3 Nd4 44. Rd3 Ne2+ 45. Kf2 Rc2 46. Ke1  Ng1 47. Rd6+ Ke5 48. Rxb6 Nf3+ 49. Kd1 Rxh2 50. Rg6 Kf4 51. Rb7 Nd4 52. Rb4 Ke3  53. Rxd4 Kxd4 54. a5 Ra2 55. a6 Ke4 56. Kc1 Kf3 57. Kb1 Ra5 58. Kc2 g3 59. Rg5  g2 60. a7 0-1

[Event "URS-ch sf"]
[Site "Daugavpils"]
[Date "1978.??.??"]
[Round "?"]
[White "Nikolaevsky, Yuri V"]
[Black "Vitolinsh, Alvis"]
[Result "1-0"]
[WhiteElo "2200"]
[BlackElo "2415"]

1. Nf3 Nf6 2. g3 g6 3. b3 d6 4. d4 Bg7 5. Bb2 O-O 6. Bg2 c5 7. O-O Ne4 8. c4  Nc6 9. e3 e5 10. d5 Ne7 11. Ne1 Nf6 12. Nc3 Nd7 13. Nd3 f5 14. f4 e4 15. Nf2 b5  16. Qc2 bxc4 17. bxc4 Ba6 18. Nb5 Bxb5 19. Bxg7 Kxg7 20. Qb2+ Nf6 21. Qxb5 Rb8  22. Qa6 Qb6 23. Qxb6 Rxb6 24. Rfc1 Rfb8 25. Nd1 Rb4 26. Bf1 a6 27. Be2 h5 28.  h3 Kh6 29. Kf2 g5 30. Rc3 h4 31. fxg5+ Kxg5 32. Ra3 R8b6 33. Nc3 hxg3+ 34. Kxg3  Ng6 35. Rg1 f4+ 36. exf4+ Nxf4 37. h4+ Kf5 38. Rf1 Ke5 39. Rxf4 Rb8 40. Rxf6  Kxf6 41. Nxe4+ Ke5 42. Ng5 Rb2 43. Re3+ 1-0

[Event "URS-ch sf"]
[Site "Daugavpils"]
[Date "1978.??.??"]
[Round "?"]
[White "Palatnik, Semon"]
[Black "Faibisovich, Vadim Z"]
[Result "1-0"]
[WhiteElo "2490"]
[BlackElo "2460"]

1. d4 Nf6 2. c4 g6 3. Nc3 d5 4. Nf3 Bg7 5. cxd5 Nxd5 6. e4 Nxc3 7. bxc3 c5 8.  Bb5+ Nd7 9. O-O O-O 10. Bg5 cxd4 11. cxd4 Nf6 12. Re1 Bg4 13. Rb1 a6 14. Bf1 b5  15. a4 bxa4 16. Qxa4 Bd7 17. Qa3 h6 18. Bd2 a5 19. h3 Ra7 20. d5 Nxe4 21. Rxe4  Bf5 22. Qe3 Bxe4 23. Qxe4 a4 24. Be3 Ra5 25. Bc4 Qd6 26. Rb6 Qa3 27. Nd4 Raa8  28. Nc6 Rfe8 29. Rb7 Kf8 30. Bf4 Qa1+ 31. Kh2 Qf6 32. d6 exd6 33. Rxf7+ Qxf7  34. Bxd6+ 1-0

[Event "URS-ch sf"]
[Site "Daugavpils"]
[Date "1978.??.??"]
[Round "?"]
[White "Palatnik, Semon"]
[Black "Gusev, Vladimir A"]
[Result "1/2-1/2"]
[WhiteElo "2490"]
[BlackElo "2410"]

1. d4 Nf6 2. c4 e6 3. Nf3 d5 4. Bg5 Be7 5. Nc3 h6 6. Bh4 O-O 7. e3 b6 8. Rc1  Bb7 9. Bxf6 Bxf6 10. cxd5 exd5 11. b4 c6 12. Bd3 Qd6 13. Qb3 Nd7 14. O-O Rfe8  15. Rfd1 a5 16. b5 c5 17. Qb1 cxd4 18. exd4 Nf8 19. Ne2 Rac8 20. h3 g6 21. Rxc8  1/2-1/2

[Event "URS-ch sf"]
[Site "Daugavpils"]
[Date "1978.??.??"]
[Round "?"]
[White "Palatnik, Semon"]
[Black "Kupreichik, Viktor D"]
[Result "0-1"]
[WhiteElo "2490"]
[BlackElo "2200"]

1. d4 d5 2. c4 c6 3. Nf3 Nf6 4. Qc2 e6 5. g3 Nbd7 6. Bg2 Ne4 7. O-O Bd6 8. b3  O-O 9. Ba3 Bxa3 10. Nxa3 f5 11. Nb1 Qf6 12. Nc3 b6 13. Rac1 Bb7 14. Rfd1 Rac8  15. e3 c5 16. Qb2 dxc4 17. bxc4 cxd4 18. exd4 Nd6 19. c5 Ne4 20. Nxe4 fxe4 21.  Ne5 Nxe5 22. dxe5 Qf5 23. cxb6 e3 24. Bxb7 Rxc1 25. Qxc1 e2 26. f3 exd1=Q+ 27.  Qxd1 axb6 28. Qe2 Qb1+ 29. Kg2 Rd8 30. Be4 Qc1 31. Kh3 Qh6+ 32. Kg4 g6 33. Qb2  Qe3 34. a4 Qd4 35. Qb1 Qc5 36. f4 Kg7 37. Qb3 Kf7 38. Qb5 Rd2 39. Qc6 Qxc6 40.  Bxc6 Rxh2 41. Bb5 h5+ 42. Kf3 Ra2 43. Bd7 Ra3+ 0-1

[Event "URS-ch sf"]
[Site "Daugavpils"]
[Date "1978.??.??"]
[Round "?"]
[White "Panchenko, Alexander N"]
[Black "Eingorn, Vereslav S"]
[Result "1/2-1/2"]
[WhiteElo "2495"]
[BlackElo "2270"]

1. e4 e6 2. d4 d5 3. Nd2 c5 4. exd5 exd5 5. Ngf3 Nc6 6. Bb5 Bd6 7. dxc5 Bxc5 8.  Nb3 Bd6 9. Bg5 Nge7 10. Bh4 O-O 11. Bg3 Bg4 12. O-O Bxg3 13. hxg3 Qb6 14. Bd3  Ne5 15. Re1 N7c6 16. Be2 Nxf3+ 17. gxf3 Be6 18. Kg2 d4 19. Bd3 Rad8 20. Qd2 Nb4  21. Be4 d3 22. Bxd3 Nxd3 23. cxd3 Bxb3 24. axb3 Qxb3 25. Ra3 Qb6 26. Re7 Rfe8  27. Qe3 Qxe3 28. Rxe3 a6 29. Rb3 Kf8 30. Rxb7 Rxe3 31. fxe3 Rxd3 32. e4 Rd2+  33. Kh3 h5 34. f4 f6 35. g4 Rd4 36. gxh5 f5 37. exf5 Rxf4 38. Rb6 Rxf5 39. Kg4  Rf2 40. b4 Rb2 41. Kf5 Kf7 42. Ke5 Rh2 43. Rxa6 Rxh5+ 44. Kd4 g5 45. b5 g4 46.  b6 g3 47. Ke3 1/2-1/2

[Event "URS-ch sf"]
[Site "Daugavpils"]
[Date "1978.??.??"]
[Round "?"]
[White "Panchenko, Alexander N"]
[Black "Gufeld, Eduard"]
[Result "1/2-1/2"]
[WhiteElo "2495"]
[BlackElo "2525"]

1. e4 c5 2. Nf3 d6 3. d4 cxd4 4. Nxd4 Nf6 5. Nc3 g6 6. Be2 Bg7 7. O-O O-O 8.  Be3 Nc6 9. Qd2 d5 10. exd5 Nxd5 11. Nxd5 Nxd4 12. c4 e5 13. f4 Be6 14. fxe5  Nxe2+ 15. Qxe2 Bxd5 16. Rad1 Bxc4 17. Qxc4 Qc8 18. Qxc8 Raxc8 19. Rd7 Bxe5 20.  Rxb7 a5 21. b3 Rc2 22. Bh6 Bd4+ 23. Kh1 Bg7 24. Bxg7 Kxg7 25. a4 Kh6 26. Kg1 f5  27. Rf2 Rc1+ 28. Rf1 Rc2 29. Rf2 Rc1+ 30. Rf1 1/2-1/2

[Event "URS-ch sf"]
[Site "Daugavpils"]
[Date "1978.??.??"]
[Round "?"]
[White "Panchenko, Alexander N"]
[Black "Vladimirov, Evgeny"]
[Result "1-0"]
[WhiteElo "2495"]
[BlackElo "2445"]

1. e4 e5 2. Nf3 Nc6 3. Bc4 Nf6 4. d3 Bc5 5. c3 O-O 6. b4 Bb6 7. a4 a6 8. a5 Ba7  9. O-O d5 10. exd5 Nxd5 11. Qb3 Nf6 12. Ng5 Qd7 13. Nd2 Nd8 14. Ndf3 Re8 15.  Re1 h6 16. Ne4 Nh7 17. Be3 Bxe3 18. Rxe3 b5 19. axb6 cxb6 20. Ng3 Nc6 21. d4  Bb7 22. dxe5 Nf8 23. Rae1 b5 24. Bd3 Rad8 25. Nf5 Re6 26. N3d4 Nxd4 27. cxd4  Rg6 28. Ng3 Re6 29. Bf5 Qxd4 30. Rd3 Qh4 31. Rxd8 Qxd8 32. Bxe6 Nxe6 33. Qc3  Nf4 34. f3 Qd3 35. Qxd3 Nxd3 36. Rb1 Nxe5 37. Kf2 f6 38. Ke3 Kf7 39. Ne4 Nc4+  40. Kd4 Bxe4 41. fxe4 a5 42. bxa5 Nxa5 43. Rxb5 Nc6+ 44. Ke3 Nd8 45. e5 fxe5  46. Rxe5 Kf6 47. Ke4 Nf7 48. Rf5+ Ke6 49. Ra5 1-0

[Event "URS-ch sf"]
[Site "Daugavpils"]
[Date "1978.??.??"]
[Round "?"]
[White "Panchenko, Alexander N"]
[Black "Yuferov, Sergey  N"]
[Result "1/2-1/2"]
[WhiteElo "2495"]
[BlackElo "2450"]

1. Nf3 Nf6 2. c4 b6 3. g3 Bb7 4. Bg2 e6 5. O-O Be7 6. b3 O-O 7. Bb2 d5 8. e3 c5  9. Nc3 dxc4 10. bxc4 Nc6 11. d3 Na5 12. Qe2 Nd7 13. Ne1 Bxg2 14. Nxg2 Bf6 15.  Rad1 a6 16. Rb1 Qc7 17. Nf4 g6 18. Ne4 Bxb2 19. Rxb2 Rab8 20. Rfb1 Qc6 21. Qd2  Nb7 22. Nf6+ Nxf6 23. Rxb6 Qf3 24. Qe2 Qxe2 25. Nxe2 Rbd8 26. Rxb7 Rxd3 27.  R1b2 1/2-1/2

[Event "URS-ch sf"]
[Site "Daugavpils"]
[Date "1978.??.??"]
[Round "?"]
[White "Panchenko, Alexander N"]
[Black "Zilberstein, Valery I"]
[Result "1/2-1/2"]
[WhiteElo "2495"]
[BlackElo "2200"]

1. e4 c5 2. Nf3 d6 3. d4 cxd4 4. Nxd4 Nf6 5. Nc3 a6 6. f4 Qc7 7. Be2 g6 8. O-O  Bg7 9. Kh1 Nbd7 10. Be3 b5 11. Bf3 e5 12. Nb3 Bb7 13. a4 b4 14. Na2 O-O 15.  Nxb4 a5 16. fxe5 Nxe5 17. Nd5 Nxd5 18. exd5 Nxf3 19. Qxf3 Qc4 20. Nd4 Bxd4 21.  Qe4 Rac8 22. Bxd4 Rfe8 23. Qf3 f5 24. c3 Bxd5 25. Qf4 Re2 26. Rf2 Rxf2 27. Qxf2  Be4 28. Qh4 Qe6 29. Qh6 Qe7 30. Qd2 Rb8 31. b4 Qb7 32. b5 Qd5 33. Rc1 Rc8 34.  Kg1 Qe6 35. Qh6 Qe7 36. h4 Rf8 37. Qd2 Bd5 38. Re1 Be4 39. Bf2 Qe6 40. Bb6 Rc8  41. Bxa5 Ra8 42. Bb4 Rxa4 43. Qxd6 Qxd6 44. Bxd6 Bd5 45. Re5 Ra1+ 46. Kh2 Rd1  47. Ba3 Rd2 48. b6 Bxg2 49. Kg3 Bc6 50. Rc5 Rd6 51. Kf4 Re6 52. Bb4 Kf7 53. Ba5  Bb7 54. c4 Rc6 55. Rxc6 Bxc6 1/2-1/2

[Event "URS-ch sf"]
[Site "Daugavpils"]
[Date "1978.??.??"]
[Round "?"]
[White "Peresipkin, Vladimir"]
[Black "Butnorius, Algimantas"]
[Result "1/2-1/2"]
[WhiteElo "2420"]
[BlackElo "2350"]

1. d4 Nf6 2. c4 e6 3. Nf3 Bb4+ 4. Bd2 Qe7 5. e3 Ne4 6. Bxb4 Qxb4+ 7. Nbd2 Nxd2  8. Qxd2 Qxd2+ 9. Kxd2 d6 10. Be2 c5 11. dxc5 dxc5 12. Kc3 Nc6 13. Rad1 Ke7 14.  Rd2 Bd7 15. Rhd1 Rad8 16. g3 Bc8 17. Rxd8 Rxd8 18. Rxd8 Nxd8 19. b4 b6 20. Ne5  Bb7 21. Bf3 Bxf3 22. Nxf3 Nc6 23. b5 Na5 24. Ng5 f6 25. Ne4 Nb7 26. Kd3 Nd6 27.  Nxd6 Kxd6 28. f4 g6 29. g4 f5 30. g5 Ke7 1/2-1/2

[Event "URS-ch sf"]
[Site "Daugavpils"]
[Date "1978.??.??"]
[Round "?"]
[White "Peresipkin, Vladimir"]
[Black "Gedevanishvili, Dmitry"]
[Result "1-0"]
[WhiteElo "2420"]
[BlackElo "2200"]

1. e4 c5 2. Nf3 e6 3. Nc3 a6 4. g3 Nc6 5. Bg2 Nge7 6. O-O Nd4 7. Nxd4 cxd4 8.  Ne2 Nc6 9. b3 Bc5 10. Bb2 O-O 11. c3 dxc3 12. Bxc3 d5 13. d4 Bb6 14. Qd3 dxe4  15. Bxe4 h6 16. Qf3 Qe7 17. Rfe1 e5 18. dxe5 Nxe5 19. Bxe5 Qxe5 20. Nf4 Qf6 21.  Rad1 Rb8 22. Re2 Kh8 23. h4 Bc7 24. Rc2 Be5 25. Kg2 Re8 26. Rc4 Bxf4 27. Qxf4  Qxf4 28. gxf4 b5 29. Rcd4 Rxe4 30. Rxe4 Bb7 31. f3 Bxe4 32. fxe4 Rc8 33. e5 g6  34. Kf3 Rc2 35. h5 gxh5 36. f5 Kg7 37. Rd7 Kg8 38. Ke3 h4 39. e6 h3 40. e7 1-0

[Event "URS-ch sf"]
[Site "Daugavpils"]
[Date "1978.??.??"]
[Round "?"]
[White "Peresipkin, Vladimir"]
[Black "Kosikov, Alexey I"]
[Result "1/2-1/2"]
[WhiteElo "2420"]
[BlackElo "2395"]

1. e4 e6 2. d4 d5 3. Nd2 dxe4 4. Nxe4 Nd7 5. Nf3 Ngf6 6. Bg5 Be7 7. Bxf6 Nxf6  8. Bd3 Nxe4 9. Bxe4 c5 10. c3 Qb6 11. Qb3 Qxb3 12. axb3 a6 13. O-O-O Ra7 14.  dxc5 Bxc5 15. Rd2 f6 16. Rhd1 Ke7 17. Nd4 h6 18. b4 Bb6 19. Re1 Bxd4 20. Rxd4  Rd8 21. Rxd8 Kxd8 22. f4 a5 23. bxa5 Rxa5 24. g3 Kc7 25. Kc2 Bd7 26. Re2 Ra1  27. Kb3 b6 28. Bf3 Ra5 29. Kc2 Ra1 30. Kd2 Rb1 1/2-1/2

[Event "URS-ch sf"]
[Site "Daugavpils"]
[Date "1978.??.??"]
[Round "?"]
[White "Peresipkin, Vladimir"]
[Black "Mishuchkov, Nikolai M"]
[Result "1/2-1/2"]
[WhiteElo "2420"]
[BlackElo "2410"]

1. e4 e5 2. Nc3 Nf6 3. Nf3 Nc6 4. Bb5 Nd4 5. Nxd4 exd4 6. e5 dxc3 7. exf6 Qxf6  8. dxc3 Qe5+ 9. Qe2 Qxe2+ 10. Bxe2 d5 11. Bf4 c6 12. Kd2 Be6 13. Bd3 O-O-O 14.  Rae1 Bc5 15. Bg3 Rde8 16. Re2 Bd7 17. Rhe1 h6 18. Rxe8+ Rxe8 19. Rxe8+ Bxe8  1/2-1/2

[Event "URS-ch sf"]
[Site "Daugavpils"]
[Date "1978.??.??"]
[Round "?"]
[White "Peresipkin, Vladimir"]
[Black "Tseitlin, Mark D"]
[Result "0-1"]
[WhiteElo "2420"]
[BlackElo "2480"]

1. e4 c5 2. Nf3 e6 3. Nc3 Nc6 4. Bb5 Nge7 5. O-O a6 6. Bxc6 Nxc6 7. d4 cxd4 8.  Nxd4 d6 9. Nxc6 bxc6 10. Qg4 Qf6 11. Be3 Rb8 12. Na4 c5 13. Qg3 Qg6 14. b3 Qxg3  15. hxg3 Bd7 16. Rab1 Be7 17. e5 Bxa4 18. bxa4 Kd7 19. exd6 Bxd6 20. Rb3 c4 21.  Rxb8 Rxb8 22. Rd1 Kc6 23. Bd4 Rb4 24. Bxg7 Rxa4 25. Rd4 e5 26. Rh4 Kd5 27. Rxh7  Rxa2 28. f4 Rxc2 29. fxe5 Bc5+ 30. Kh2 c3 31. Rh5 Kc4 32. Rh4+ Kd3 33. Ra4 Re2  34. Ra5 Bd4 35. Rxa6 c2 36. Ra3+ Kd2 37. Ra2 Kd1 38. Ra4 Re4 39. e6 c1=Q 0-1

[Event "URS-ch sf"]
[Site "Daugavpils"]
[Date "1978.??.??"]
[Round "?"]
[White "Peresipkin, Vladimir"]
[Black "Vaisser, Anatoly"]
[Result "1-0"]
[WhiteElo "2420"]
[BlackElo "2385"]

1. d4 Nf6 2. c4 c5 3. d5 e6 4. Nc3 exd5 5. cxd5 d6 6. e4 g6 7. f4 Bg7 8. Bb5+  Nfd7 9. Bd3 a6 10. Nf3 Qc7 11. O-O O-O 12. Be3 b5 13. Rc1 Re8 14. h3 Nb6 15. e5  c4 16. Bb1 N8d7 17. Ne4 dxe5 18. d6 Qc6 19. Nxe5 Nxe5 20. fxe5 Nd5 21. Qf3 Bf5  22. g4 Rxe5 23. gxf5 Rxf5 24. Qg2 Rxf1+ 25. Rxf1 Rc8 26. Bg5 f5 27. Kh1 fxe4  28. Bxe4 Qxd6 29. Bxd5+ Kh8 30. Bf4 Qf6 31. Rf2 Qd4 32. Bg3 Rd8 33. Rd2 Qe3 34.  Qf2 Qxf2 35. Bxf2 Bxb2 36. Bb6 Rd7 37. Ba5 Kg7 38. Be4 Re7 39. Bc2 Bf6 40. Kg2  h5 41. Bb4 Ra7 42. Ba5 Re7 43. Bd1 c3 44. Rc2 Rd7 45. Bf3 Rd3 46. Re2 Kh6 47.  Be4 Rd1 48. Bc2 Rd5 49. Kf3 Rd6 50. Bb4 Rc6 51. Rg2 Bg7 52. Ke4 g5 53. Kd5 Rc7  54. Bd6 Rf7 55. Re2 a5 56. Re6+ Rf6 57. h4 Rxe6 58. Kxe6 b4 59. Kf7 1-0

[Event "URS-ch sf"]
[Site "Daugavpils"]
[Date "1978.??.??"]
[Round "?"]
[White "Peresipkin, Vladimir"]
[Black "Zilberstein, Valery I"]
[Result "1/2-1/2"]
[WhiteElo "2420"]
[BlackElo "2200"]

1. d4 Nf6 2. c4 g6 3. Nf3 Bg7 4. Nc3 d5 5. e3 O-O 6. Qb3 e6 7. Be2 b6 8. O-O  Bb7 9. cxd5 exd5 10. Bd2 Nbd7 11. Rfd1 Qe7 12. a4 a5 13. Qa3 Qxa3 14. Rxa3 c6  15. Rb3 Rfb8 16. h3 Bf8 17. g4 h6 18. Be1 Bb4 19. Na2 c5 20. Nxb4 axb4 21. Bb5  Ba6 22. Ne5 Bxb5 23. axb5 Nxe5 24. dxe5 Ne4 25. h4 c4 26. Rxb4 Nc5 27. Bc3 Nd3  28. Rxd3 cxd3 29. Rd4 Rc8 30. Rxd3 Rc5 31. Rd4 Rxb5 32. Rf4 Re8 33. Ra4 Rc5 34.  Ra7 Rxc3 35. bxc3 Rxe5 36. Kg2 Re4 37. Kf3 Rc4 1/2-1/2

[Event "URS-ch sf"]
[Site "Daugavpils"]
[Date "1978.??.??"]
[Round "?"]
[White "Petrosian, Arshak B"]
[Black "Kapengut, Albert Z"]
[Result "1/2-1/2"]
[WhiteElo "2415"]
[BlackElo "2465"]

1. Nf3 Nf6 2. c4 c5 3. g3 d5 4. cxd5 Nxd5 5. Bg2 Nc7 6. Nc3 Nc6 7. Qa4 Bd7 8.  Qe4 g6 9. Ne5 Bg7 10. Nxd7 Qxd7 11. O-O Rc8 12. a3 Ne6 13. Rb1 b6 14. b4 O-O  15. Qd5 Rfd8 16. Qa2 Ne5 17. Bh3 f5 18. bxc5 Rxc5 19. a4 Kh8 20. Bg2 1/2-1/2

[Event "URS-ch sf"]
[Site "Daugavpils"]
[Date "1978.??.??"]
[Round "?"]
[White "Petrosian, Arshak B"]
[Black "Kataev, V."]
[Result "0-1"]
[WhiteElo "2415"]
[BlackElo "2200"]

1. Nf3 c5 2. c4 Nc6 3. Nc3 Nf6 4. g3 g6 5. Bg2 Bg7 6. d4 O-O 7. d5 Na5 8. Nd2  d6 9. O-O e5 10. dxe6 Bxe6 11. Nd5 Nxd5 12. cxd5 Bd7 13. Ne4 Bf5 14. Nc3 a6 15.  Bf4 Re8 16. e4 Bxc3 17. exf5 Bxb2 18. Rb1 Bd4 19. fxg6 hxg6 20. a4 Rb8 21. Qd3  Qf6 22. h4 c4 23. Qd1 Bc5 24. Bg5 Qg7 25. Qf3 Nb3 26. Bf6 Qh7 27. Qc3 b5 28.  axb5 axb5 29. Rbd1 Bb6 30. Bh3 Nc5 31. Qc2 Ne4 32. Bd4 Bxd4 33. Rxd4 Nc5 34.  Bg4 Qg7 35. Rf4 Nd3 36. Rf3 Ne1 37. Qd2 Nxf3+ 38. Bxf3 0-1

[Event "URS-ch sf"]
[Site "Daugavpils"]
[Date "1978.??.??"]
[Round "?"]
[White "Petrushin, Alexander I"]
[Black "Makarichev, Sergey"]
[Result "1/2-1/2"]
[WhiteElo "2355"]
[BlackElo "2495"]

1. e4 e6 2. d4 d5 3. Nc3 Bb4 4. e5 Ne7 5. a3 Bxc3+ 6. bxc3 c5 7. Nf3 Qc7 8. a4  b6 9. Bb5+ Bd7 10. Bd3 Nbc6 11. O-O h6 12. Qd2 O-O 13. Qf4 f5 14. exf6 Qxf4 15.  Bxf4 c4 16. Be2 Rxf6 17. Bd6 Nf5 18. Be5 Rff8 19. Rfe1 Be8 20. Bd1 Rd8 21. Nd2  g5 22. Nf1 Bg6 23. Ng3 Nxe5 24. Rxe5 Rd6 25. Bg4 Ng7 26. Ra2 Kf7 27. Nf1 Kf6  28. Ne3 h5 29. Bf3 g4 30. Be2 Nf5 31. Nxf5 Bxf5 32. f3 gxf3 33. Bxf3 h4 34. Ra1  a5 35. Rf1 Ke7 36. Re2 Kd7 37. g4 hxg3 38. hxg3 Rg8 39. Kf2 b5 40. axb5 Rb6 41.  Rb1 a4 42. Ra1 Ra8 43. Ra2 Rxb5 1/2-1/2

[Event "URS-ch sf"]
[Site "Daugavpils"]
[Date "1978.??.??"]
[Round "?"]
[White "Petrushin, Alexander I"]
[Black "Panchenko, Alexander N"]
[Result "0-1"]
[WhiteElo "2355"]
[BlackElo "2495"]

1. e4 c5 2. Nf3 Nc6 3. d4 cxd4 4. Nxd4 Nf6 5. Nc3 d6 6. Bg5 e6 7. Qd2 a6 8.  O-O-O Bd7 9. f4 b5 10. Bxf6 gxf6 11. Nce2 Qa5 12. Qxa5 Nxa5 13. Ng3 Be7 14. Be2  Bd8 15. Nh5 Ke7 16. Bf3 Rc8 17. Rhe1 Bb6 18. Nf5+ exf5 19. exf5+ Kd8 20. Rxd6  Kc7 21. Rxf6 Nc4 22. Rxf7 Rcf8 23. Rg7 Be3+ 24. Kb1 Kc8 25. g4 Re8 26. Bb7+  Kxb7 27. Rxd7+ Kc6 28. Rdd1 b4 29. Ng7 Rb8 30. Ne6 Rhe8 31. Rd3 Bxf4 32. Rd4  Nd2+ 33. Ka1 Nf3 34. Rc4+ Kb5 35. Ree4 Bd2 36. Nc7+ Kb6 37. Nxe8 Rd8 38. Re6+  Kb5 0-1

[Event "URS-ch sf"]
[Site "Daugavpils"]
[Date "1978.??.??"]
[Round "?"]
[White "Petrushin, Alexander I"]
[Black "Vitolinsh, Alvis"]
[Result "0-1"]
[WhiteElo "2355"]
[BlackElo "2415"]

1. e4 c5 2. Nf3 d6 3. d4 cxd4 4. Nxd4 Nf6 5. Nc3 a6 6. Bg5 e6 7. f4 Nbd7 8. Qf3  Qc7 9. O-O-O b5 10. Bd3 Bb7 11. Rhe1 O-O-O 12. a3 Be7 13. Qf1 h6 14. Bh4 g5 15.  fxg5 hxg5 16. Bxg5 Rxh2 17. Bf4 Rh5 18. Bxb5 Nc5 19. b4 e5 20. bxc5 exd4 21.  Rxd4 Rxc5 22. Bxa6 Rd7 23. Rb4 Qa5 24. Rxb7 Rxb7 25. Nb1 Nd7 26. Re3 Nb6 27.  Rb3 Qa4 28. Nc3 Qd4 29. Qd3 Qg1+ 30. Kb2 Bf6 31. e5 dxe5 32. Qf5+ Kb8 33. Qxf6  Na4+ 34. Nxa4 Qd4+ 35. Kb1 Rxb3+ 36. cxb3 Qg1+ 37. Ka2 Rc2+ 38. Nb2 exf4 39.  Qb6+ Qxb6 0-1

[Event "URS-ch sf"]
[Site "Daugavpils"]
[Date "1978.??.??"]
[Round "?"]
[White "Petrushin, Alexander I"]
[Black "Zlotnik, Boris A"]
[Result "1-0"]
[WhiteElo "2355"]
[BlackElo "2430"]

1. e4 e6 2. d4 d5 3. Nc3 Bb4 4. e5 c5 5. a3 Bxc3+ 6. bxc3 Ne7 7. Nf3 Qa5 8. Bd2  Nbc6 9. Bd3 Bd7 10. O-O c4 11. Be2 f6 12. Re1 f5 13. h4 O-O-O 14. Ng5 Rdf8 15.  a4 Kb8 16. Qc1 Nc8 17. g3 h6 18. Nh3 Rhg8 19. h5 Rf7 20. Nf4 Nd8 21. Qa3 Be8  22. Kh2 Rc7 23. Qb4 Qxb4 24. cxb4 b5 25. axb5 Bxb5 26. c3 Nb6 27. Rg1 Re8 28.  g4 fxg4 29. Bxg4 Ba4 30. Rac1 Rf7 31. Bh3 Na8 32. Be3 Nc7 33. Ng6 Nc6 34. f4  Ne7 35. Nxe7 Rexe7 36. Rg6 Kb7 37. Rg2 Bd7 38. Rcg1 Be8 39. Kg3 Bd7 40. Kf3 Ba4  41. Ra1 Be8 42. Rag1 Ba4 43. Bg4 a6 44. Rc1 Rf8 45. Ke2 Be8 46. Kd2 Bf7 47.  Rcg1 Be8 48. Bd1 Rff7 49. Rg4 Bd7 50. Bf2 Be8 51. Bh4 Rd7 52. Ke3 Nb5 53. Rg6  Nxc3 54. Rxe6 Nxd1+ 55. Rxd1 Rf8 56. Ra1 Bxh5 57. Rexa6 Rdf7 58. Be7 Rxe7 59.  Ra7+ Kb6 60. Rxe7 g5 61. Rh1 gxf4+ 62. Kd2 f3 63. Re6+ Kb5 64. Rf6 Rxf6 65.  exf6 f2 66. Ke3 Bf7 67. Kxf2 c3 68. Ke3 Kxb4 69. Rb1+ Kc4 70. Rb7 1-0

[Event "URS-ch sf"]
[Site "Daugavpils"]
[Date "1978.??.??"]
[Round "?"]
[White "Rashkovsky, Nukhim N"]
[Black "Alburt, Lev O"]
[Result "1/2-1/2"]
[WhiteElo "2505"]
[BlackElo "2510"]

1. Nf3 Nf6 2. c4 c5 3. d4 cxd4 4. Nxd4 e6 5. g3 d5 6. Bg2 e5 7. Nf3 d4 8. O-O  Nc6 9. e3 Bc5 10. exd4 exd4 11. b4 Nxb4 12. Nbd2 d3 13. Nb3 Be7 14. Nfd4 Bg4  15. Qd2 O-O 16. Bb2 Qd7 17. Rfe1 Rac8 18. a3 Na6 19. Qxd3 Nc5 20. Nxc5 Bxc5 21.  Qc3 Rfd8 22. Nb3 Bf8 23. Rac1 b6 24. Qe3 Re8 25. Qf4 Rxe1+ 26. Rxe1 Qf5 27.  Qxf5 Bxf5 28. Nd4 Bd7 29. Rc1 Ba4 30. Nb5 a6 31. Bb7 Rd8 32. Bxa6 Ne4 33. Nc3  Nxc3 34. Bxc3 Bxa3 35. Ra1 Bc6 36. Bb5 Bf3 37. Re1 Bf8 38. Re8 Rd1+ 39. Re1 Rd3  40. Re3 Rxe3 41. fxe3 f5 42. Bd7 Bc5 1/2-1/2

[Event "URS-ch sf"]
[Site "Daugavpils"]
[Date "1978.??.??"]
[Round "?"]
[White "Rashkovsky, Nukhim N"]
[Black "Godes, Dmitry R"]
[Result "1-0"]
[WhiteElo "2505"]
[BlackElo "2405"]

1. Nf3 d5 2. c4 d4 3. d3 c5 4. g3 Nc6 5. Bg2 Nf6 6. O-O e5 7. b4 cxb4 8. a3  bxa3 9. Qa4 Bd7 10. Bxa3 Bxa3 11. Qxa3 Qe7 12. Nfd2 Be6 13. Nb3 Nd7 14. N1d2  Qxa3 15. Rxa3 Ke7 16. f4 Bg4 17. Kf2 f5 18. h3 Bh5 19. Bxc6 bxc6 20. fxe5 c5  21. Rfa1 Rhc8 22. Rxa7 Rxa7 23. Rxa7 Ke6 24. e3 dxe3+ 25. Kxe3 Nxe5 26. Rxg7  Bg6 27. Ra7 f4+ 28. gxf4 Nxd3 29. Ra6+ Kf7 30. Rxg6 Kxg6 31. Kxd3 Kf5 32. Ke3  h5 33. Ne4 Re8 34. Nbxc5 h4 35. Kf3 Rd8 36. Nf2 Ra8 1-0

[Event "URS-ch sf"]
[Site "Daugavpils"]
[Date "1978.??.??"]
[Round "?"]
[White "Rashkovsky, Nukhim N"]
[Black "Kosikov, Alexey I"]
[Result "1-0"]
[WhiteElo "2505"]
[BlackElo "2395"]

1. Nf3 Nf6 2. c4 c6 3. d4 d5 4. cxd5 cxd5 5. Nc3 Nc6 6. Bf4 Bf5 7. e3 e6 8. Bb5  Nd7 9. Qa4 Qb6 10. Nh4 Be4 11. Rc1 Rc8 12. O-O a6 13. Bxc6 Rxc6 14. Nxe4 dxe4  15. d5 exd5 16. Nf5 g6 17. Nd4 Rxc1 18. Rxc1 Qxb2 19. Rc8+ Ke7 20. Nb3 g5 21.  Bxg5+ f6 22. Qb4+ Kf7 23. Qxb7 Be7 24. Qxd5+ Kg7 25. Qxd7 Rxc8 26. Qxe7+ 1-0

[Event "URS-ch sf"]
[Site "Daugavpils"]
[Date "1978.??.??"]
[Round "?"]
[White "Rashkovsky, Nukhim N"]
[Black "Leibovich, D."]
[Result "1-0"]
[WhiteElo "2505"]
[BlackElo "2200"]

1. Nf3 Nf6 2. c4 e6 3. g3 b6 4. Bg2 Bb7 5. O-O Be7 6. d4 O-O 7. Nc3 Ne4 8. Bd2  Bf6 9. Rc1 d6 10. d5 Nxd2 11. Nxd2 Kh8 12. Nde4 Bxc3 13. Rxc3 Nd7 14. f4 Qe7  15. g4 Nc5 16. Ng3 a5 17. g5 exd5 18. cxd5 f5 19. a3 a4 20. h4 Qf7 21. h5 Ra5  22. Qd4 Ne4 23. Nxe4 fxe4 24. Bxe4 Bxd5 25. g6 Qe6 26. Bg2 Qf6 27. Qxf6 Rxf6  28. e4 Bb3 29. f5 Rc5 30. Rxc5 bxc5 31. Kf2 Kg8 32. Ke3 Kf8 33. Kf4 Ke7 34. Rc1  hxg6 35. hxg6 Rf8 36. e5 dxe5+ 37. Kxe5 c4 38. Bd5 c3 39. Rxc3 Bxd5 40. Rxc7+  Kd8 41. Rxg7 Bb3 42. Ra7 Rg8 1-0